000 00468nam a2200181Ia 4500
001 11637
005 20260306162842.0
008 260306t2004||||xx |||||||||||||| ||spa||
041 _aESP
082 _a985.601
_bJ87
100 _aJulien, Catherine J.
_eAUT
245 0 _aHatunqolla:
_buna perspectiva sobre el imperio incaico desde la región del lago Titicaca
260 _c2004
300 _a
_c
650 _aGEN
654 _aCHU
942 _cLIB
_dJUS
_fJUS
_2ddc
_n
999 _c11637
_d11637